| 000 | 00595nam a2200193 a 4500 | ||
|---|---|---|---|
| 001 | 000042500 | ||
| 005 | 20201002040208.0 | ||
| 008 | 131205s1991 sp ab 000 0 spa d | ||
| 020 | _a8479690232 | ||
| 040 |
_aDO-SdBNP _bspa _cBNPHU |
||
| 082 |
_axxxx _bxxxx |
||
| 100 | 1 |
_aEnguix, Rosa _969697 |
|
| 245 | 1 | 3 |
_aEl antiguo Egipto / _cRosa Enguix. |
| 260 |
_aMadrid : _bCompañía Europea de Comunicación e Información, _c1991. |
||
| 300 |
_a96 p. : _bil., mapa ; _c19 cm. |
||
| 490 | 1 |
_aBiblioteca de el sol _v18 |
|
| 504 | _aBibliografía : p. [96] | ||
| 830 | 0 |
_aBiblioteca de el sol _n18 _969698 |
|
| 999 |
_c41989 _d41989 |
||